Навигация автономных мобильных роботов с использованием облачных технологий; Молодежь и современные информационные технологии; Т. 1

Podrobná bibliografie
Parent link:Молодежь и современные информационные технологии: сборник трудов XIII Международной научно-практической конференции студентов, аспирантов и молодых ученых, г. Томск, 9-13 ноября 2015 г./ Национальный исследовательский Томский политехнический университет (ТПУ), Институт кибернетики (ИК) ; под ред. Т. Е. Мамоновой [и др.].— , 2016
Т. 1.— 2016.— [С. 233-234]
Hlavní autor: Катков В. В.
Korporativní autor: Национальный исследовательский Томский политехнический университет (ТПУ) Институт кибернетики (ИК)
Další autoři: Тептюк А. Д., Дмитриев И. О.
Shrnutí:Заглавие с титульного экрана
Jazyk:ruština
Vydáno: 2016
Edice:Автоматизация и управление в технических системах
Témata:
On-line přístup:http://earchive.tpu.ru/handle/11683/17147
Médium: MixedMaterials Elektronický zdroj Kapitola
KOHA link:https://koha.lib.tpu.ru/cgi-bin/koha/opac-detail.pl?biblionumber=617600

MARC

LEADER 00000naa2a2200000 4500
001 617600
005 20231101132952.0
035 |a (RuTPU)RU\TPU\conf\15913 
035 |a RU\TPU\conf\15912 
090 |a 617600 
100 |a 20160317d2016 k y0rusy50 ca 
101 0 |a rus  |g rus 
102 |a RU 
105 |a y z 101zy 
135 |a drcn ---uucaa 
181 0 |a i  
182 0 |a b 
200 1 |a Навигация автономных мобильных роботов с использованием облачных технологий  |f В. В. Катков, А. Д. Тептюк, И. О. Дмитриев 
203 |a Текст  |c электронный 
225 1 |a Автоматизация и управление в технических системах 
230 |a 1 компьютерный файл (pdf; 291 Кb) 
300 |a Заглавие с титульного экрана 
320 |a [Библиогр.: с. 234 (3 назв.)] 
337 |a Adobe Reader 
461 1 |0 (RuTPU)RU\TPU\conf\15701  |t Молодежь и современные информационные технологии  |o сборник трудов XIII Международной научно-практической конференции студентов, аспирантов и молодых ученых, г. Томск, 9-13 ноября 2015 г.  |o в 2 т.  |f Национальный исследовательский Томский политехнический университет (ТПУ), Институт кибернетики (ИК) ; под ред. Т. Е. Мамоновой [и др.]  |d 2016 
463 0 |0 (RuTPU)RU\TPU\conf\15703  |t Т. 1  |v [С. 233-234]  |d 2016 
610 1 |a труды учёных ТПУ 
610 1 |a электронный ресурс 
610 1 |a навигация 
610 1 |a автономные мобильные роботы 
610 1 |a облачные технологии 
610 1 |a робототехнические системы 
610 1 |a беспроводная связь 
700 1 |a Катков  |b В. В. 
701 1 |a Тептюк  |b А. Д. 
701 1 |a Дмитриев  |b И. О. 
712 0 2 |a Национальный исследовательский Томский политехнический университет (ТПУ)  |b Институт кибернетики (ИК)  |2 stltpush  |3 (RuTPU)RU\TPU\col\18397 
801 2 |a RU  |b 63413507  |c 20160404  |g RCR 
856 4 |u http://earchive.tpu.ru/handle/11683/17147 
942 |c BK